Capital Cities from a 20-Letter Grid #4 - Statistics

General Stats
  • This quiz has been taken 109 times
  • The average score is 6 of 13
Answer Stats
Hint Answer % Correct
GRID LETTERS ALONE BERN
70%
GRID LETTERS + U BAKU
62%
GRID LETTERS + U JUBA
55%
GRID LETTERS + U SUVA
51%
GRID LETTERS ALONE ATHENS
48%
GRID LETTERS + U KABUL
48%
GRID LETTERS + U SUCRE
42%
GRID LETTERS ALONE TEHRAN
39%
GRID LETTERS + U BUDAPEST
34%
GRID LETTERS + U VADUZ
34%
GRID LETTERS + U BUCHAREST
31%
GRID LETTERS + U BANJUL
30%
GRID LETTERS + U DUSHANBE
19%
No matching quizzes found
Score Distribution
Percent of People with Each Score
Percentile by Number Answered
Your Score History
You have not taken this quiz